| 000 | 00992nam a2200205 a 4500 | ||
|---|---|---|---|
| 001 | 000032531 | ||
| 003 | DO-SdBNP | ||
| 005 | 20240229073937.0 | ||
| 007 | ta | ||
| 008 | 110719s1951 dr r 000 0 spa d | ||
| 040 |
_aDO-SdBNP _bspa _cBNPHU |
||
| 082 |
_axxxx _bD611p |
||
| 100 | 1 |
_aTrujillo Molina, Rafael Leónidas, _d 1891-1961 _976764 |
|
| 245 | 1 | 0 |
_aDiscursos : _bpronunciados por el excmo. Señor Presidente de la República, Generalísimo Doctor Rafael L. Trujillo Molina, el 17 de julio de 1951, el primero con motivo de su decisión de no ser postulado candidato presidencial para el período constitucional 1952-1957, y el segundo para agradecer el Collar de la Democracia que ofreció como tributo de reconocimiento la Juventud Universitaria del País / _cRafael L. Trujillo Molina. |
| 260 |
_aCiudad Trujillo, República Dominicana, : _bEditora del Caribe, _c1951. |
||
| 300 |
_a20 p. : _c23 cm. |
||
| 590 | _aInventariado, 2022/ YL | ||
| 910 | _aYLockward | ||
| 942 |
_2ddc _cLF2 |
||
| 999 |
_c32022 _d32022 |
||